Liczba ludności państw świata #4 - Statystyki

Ogólne statystyki
  • Ten quiz został rozwiązany 49 razy
  • Średni wynik to 9 z 15
Statystyki odpowiedzi
Zagadnienie Odpowiedź % Poprawnych
Które państwo ma większą liczbę ludności? Grecja
95%
Które państwo ma większą liczbę ludności? Finlandia
89%
Które państwo ma większą liczbę ludności? Tajlandia
79%
Które państwo ma większą liczbę ludności? Hiszpania
74%
Które państwo ma większą liczbę ludności? Indonezja
74%
Które państwo ma większą liczbę ludności? Tunezja
68%
Które państwo ma większą liczbę ludności? Kazachstan
63%
Które państwo ma większą liczbę ludności? Węgry
63%
Które państwo ma większą liczbę ludności? Angola
53%
Które państwo ma większą liczbę ludności? Mozambik
53%
Które państwo ma większą liczbę ludności? Pakistan
53%
Które państwo ma większą liczbę ludności? Egipt
47%
Które państwo ma większą liczbę ludności? Sudan
37%
Które państwo ma większą liczbę ludności? Malawi
21%
Które państwo ma większą liczbę ludności? Dominikana
16%
Nie znaleziono quizów pasujących do podanych kryteriów
Rozkład punktacji
Procent ludzi z każdym wynikiem
Percentyl według liczby udzielonych odpowiedzi
Twoja historia wyników
Nie rozwiązałeś tego quizu